Cẩm nang quản lý tiếp thị hiệu quả = Marketing effectively

Wedi'i Gadw mewn:
Manylion Llyfryddiaeth
Prif Awdur: Heller, Robert
Fformat: Llyfr
Iaith:Undetermined
Cyhoeddwyd: Thành phố Hồ Chí Minh Nhà xuất bản Thành phố Hồ Chí Minh 2004
Pynciau:
Tagiau: Ychwanegu Tag
Dim Tagiau, Byddwch y cyntaf i dagio'r cofnod hwn!
Thư viện lưu trữ: Trung tâm Học liệu Trường Đại học Cần Thơ
LEADER 00664nam a2200205Ia 4500
001 CTU_93424
008 210402s9999 xx 000 0 und d
020 |c 24000 
082 |a 658.8 
082 |b H477 
100 |a Heller, Robert 
245 0 |a Cẩm nang quản lý tiếp thị hiệu quả = 
245 0 |b Marketing effectively 
245 0 |c Robert Heller; Lê Ngọc Phương Anh biên dịch 
260 |a Thành phố Hồ Chí Minh 
260 |b Nhà xuất bản Thành phố Hồ Chí Minh 
260 |c 2004 
650 |a Management,Marketing 
904 |i Năm 
980 |a Trung tâm Học liệu Trường Đại học Cần Thơ